Investigación educativa y desarrollo /

Guardat en:
Dades bibliogràfiques
Autor principal: Arredondo, Vicente
Format: Text
Etiquetes: Afegir etiqueta
Sense etiquetes, Sigues el primer a etiquetar aquest registre!

MARC

LEADER 00000 a a2200000 04500
001 47296
003
040
090 |a REV1737 14(2) 1991  
100 |a Arredondo, Vicente  
245 |a Investigación educativa y desarrollo /  |c Vicente Arredondo  
500 |a Colección Alforja  
773 |g volumen14, número2, (1991), páginas 103-119  
999 |c 39783  |d 39783